logo

Bir Sreshtho Munshi Abdur Rouf Library
Jhenaidah Cadet College

Municipal coping strategies : (Record no. 9200)

MARC details
000 -LEADER
fixed length control field 01012pam a2200289 a 4500
003 - CONTROL NUMBER IDENTIFIER
JCCL marc code BD-JhCC
005 - DATE AND TIME OF LATEST TRANSACTION
control field 20180310200119.0
008 - FIXED-LENGTH DATA ELEMENTS--GENERAL INFORMATION
fixed length control field 850522s1986 caua b 000 0 eng
020 ## - INTERNATIONAL STANDARD BOOK NUMBER
International Standard Book Number 0803925123
035 ## - SYSTEM CONTROL NUMBER
system control number (BD-JhCC)
040 ## - CATALOGING SOURCE
Original cataloging agency DLC
Transcribing agency DLC
Modifying agency DLC
-- BD-JhCC
041 ## - LANGUAGE CODE
Language code of Book eng
050 00 - LIBRARY OF CONGRESS CALL NUMBER
Classification number JS1248.2
Item number .S72 1986
082 00 - DEWEY DECIMAL CLASSIFICATION NUMBER
Classification number 352.0794/66
DDC Edition number 19
Author mark and Year STA 1986
100 1# - MAIN ENTRY--PERSONAL NAME
Personal name Starling, Jay D.
245 10 - TITLE STATEMENT
Title Municipal coping strategies :
Remainder of title "as soon as the dust settles" /
Statement of responsibility, etc Jay D. Starling.
260 ## - PUBLICATION, DISTRIBUTION, ETC. (IMPRINT)
Place of publication, distribution, etc Beverly Hills, Calif. :
Name of publisher, distributor, etc Sage Publications,
Date of publication, distribution, etc c1986.
300 ## - PHYSICAL DESCRIPTION
Pagination 295 p. :
Other physical details ill. ;
Dimensions 23 cm.
440 #0 -
Title Managing information ;
Volume number/sequential designation v. 7
504 ## - BIBLIOGRAPHY, ETC. NOTE
Bibliography, etc Bibliography: p. 291-294.
651 #0 - SUBJECT ADDED ENTRY--GEOGRAPHIC NAME
Geographic name Oakland (Calif.)
General subdivision Politics and government.
710 2# - ADDED ENTRY--CORPORATE NAME
Corporate name or jurisdiction name as entry element Oakland Project.
856 42 - ELECTRONIC LOCATION AND ACCESS
Materials specified Publisher description
Uniform Resource Identifier http://www.loc.gov/catdir/enhancements/fy0654/85011867-d.html
856 41 - ELECTRONIC LOCATION AND ACCESS
Materials specified Table of contents only
Uniform Resource Identifier http://www.loc.gov/catdir/enhancements/fy0654/85011867-t.html
942 ## - ADDED ENTRY ELEMENTS (KOHA)
Source of classification or shelving scheme Dewey Decimal Classification
Koha item type Books
Holdings
Source of classification or shelving scheme Damaged status Not for loan Home library Current library Shelving location Date of accession Total Checkouts Full call number Barcode Date last seen Copy number Koha item type
Dewey Decimal Classification     JCC Rouf Library JCC Rouf Library General Stacks 03/10/2018   352.0794/66 STA 1986 12336 03/10/2018 C - 1 Books

JCC Library | Contacts | JCC Home

Last Update on 23 September 2017
Copyright @ 2017-2020 JCC Rouf Library
Rouf Library, Jhenidah Cadet College (JCC), Bangladesh